Origen de las estructuras lógico-matemáticas según Piaget

保存先:
書誌詳細
第一著者: Lorenzo González, José (著者)
フォーマット: 図書
言語:スペイン語
出版事項: Salamanca Universidad Pontificia de Salamanca 1974
主題:
タグ: タグ追加
タグなし, このレコードへの初めてのタグを付けませんか!

MARC

LEADER 00000nam a2200000 a 4500
001 UCQ8063
003 CL-VaPUC
008 981127e19740000SP |||||||||||||||||spa|d
082 0 4 |a 155.413  |b LOR  |2 21 
100 0 |a Lorenzo González, José  |e author  |9 421908 
245 1 0 |a Origen de las estructuras lógico-matemáticas según Piaget 
300 |a 61 p 
942 |c BK 
945 |d 19981127 00:00:00  |a crobeson 
260 |a Salamanca  |b Universidad Pontificia de Salamanca  |c 1974 
650 0 |a Psicología cognitiva   |9 306250 
650 7 |a DESARROLLO PSICOLOGICO  |2 CL-VaPUC  |9 369936 
650 0 |a Psicolingüística   |9 283371 
650 0 |a Lógica matemática   |9 262442 
583 |a last modification  |c 19981127 00:00:00  |k Rodrigo Vera 
999 |c 277424  |d 277422 
952 |0 0  |1 0  |4 0  |6 155_413000000000000_LOR_1974  |7 0  |8 A  |9 315337  |a BIBMAT  |b BIBMAT  |c E_DIDACT  |d 2019-11-20  |i 149676K  |o 155.413 LOR 1974  |p 149676K  |r 2025-01-07  |w 2019-11-20  |y BK  |k MAT